Cage of shadows /

Saved in:
Bibliographic Details
Main Author: Mather, Anne
Format: Book
Language:English
Published: London : Mills & Boon, 1983.
LEADER 00836nam a2200241 a 4500
001 c000109454
003 CARM
005 19830817000000.0
008 830725s1983 enk 000 1 eng d
015 |a b8329699 
019 1 |a 2832995  |5 LACONCORD2021 
020 |a 0263102513 :  |c L.5.95 
035 |a (OCoLC)10141876  |5 LACONCORD2021 
040 |a BNB  |b eng  |c BNB 
082 0 4 |a 823/.914  |2 19 
100 1 |a Mather, Anne. 
245 1 0 |a Cage of shadows /  |c by Anne Mather. 
260 |a London :  |b Mills & Boon,  |c 1983. 
300 |a 187 p. ;  |c 19cm. 
500 |a Fiction in English,. 1945- - Texts (BNB/PRECIS) 
852 8 |b CARM  |h A2:AJ15G0  |i A02348  |p 0157391  |f BK 
999 f f |i 2cd324fd-b4b5-5e72-bd34-b7e5f22da4ab  |s a97b4879-2b07-51b7-a5a1-d7e09f9a882c 
952 f f |p Can circulate  |a CAVAL  |b CAVAL  |c CAVAL  |d CARM 1 Store  |e A02348  |f A2:AJ15G0  |h Other scheme  |i book  |m 0157391